000 01236nam a2200145Ia 4500
005 20260209120133.0
008 260209s9999||||xx |||||||||||||| ||und||
100 _aPratibha Raje Parmar
245 0 _aCorporate social responsibility- an analysis of Indian corporate law
260 _aBangaloreBangalore
_bNLSIU
_c2014
300 _a102 p. ; 25 cm.
505 _aTABLE OF CONTENTS 1. ABBREVIATIONS; 2. TABLE OF CASES; 3. RESEARCH METHODOLOGY; 4. INTODUCTION; CHAPTER I; 5. Understanding Corporate Social Responsibility; CHAPTER II; 6. Evolution of Corporate Social Responsibility in India; CHAPTER III; 7. Distinction between CSR, charity, sponsorships or philanthropy. CHAPTER IV; 8. FREEMAN-FRIEDMAN Debate Over Corporate Social Responsibility; CHAPTER V; 9. CSR Scenario in India prior to Section 135; CHAPTER VI 10. Analysis of Section 135 of the Companies Act, 2013; CHAPTER VII; 11. MANDATORY V. VOLUNTARY CSR; CHAPTER VIII; 12. CONSTITUTIONALITY OF SEC. 135; CHAPTER IX; 13. Issues relating to the Implementation of Sec. 135; 14. CHAPTER X; CONCLUSION & RECOMMENDATIONS; 15. BIBLIOGRAPHY.
700 _aProf. (Dr.) Sairam Bhat - GuideProf. (Dr.) Sairam Bhat - Guide
856 _uhttps://dans.nls.ac.in/handle/123456789/1547
999 _c217122
_d217122